Igualdad de trato entre mujeres y hombres en la jurisprudencia europea / (Record no. 10864)

MARC details
000 -LEADER
campo de control de longitud fija 01212nam a22002655i 4500
001 - NÚMERO DE CONTROL
campo de control 10864
003 - IDENTIFICADOR DE NÚMERO DE CONTROL
campo de control ES-MaACL
005 - FECHA Y HORA DE LA ÚLTIMA TRANSACCIÓN
campo de control 20250901043621.0
007 - CAMPO FIJO DE DESCRIPCIÓN FÍSICA--INFORMACIÓN GENERAL
campo de control de longitud fija t|
008 - DATOS DE LONGITUD FIJA--INFORMACIÓN GENERAL
campo de control de longitud fija 940214s1993 sp ||||0| spa j
020 ## - NÚMERO INTERNACIONAL ESTÁNDAR DEL LIBRO
Número Internacional Estándar del Libro 84-451-0732-1
040 ## - FUENTE DE CATALOGACIÓN
Centro catalogador/agencia de origen M-BN
Lengua de catalogación spa
Centro/agencia transcriptor M-BN
080 ## - NÚMERO DE LA CLASIFICACIÓN DECIMAL UNIVERSAL
Número de la Clasificación Decimal Universal 342.7-055.2(4-672 CE)
100 1# - ENTRADA PRINCIPAL--NOMBRE DE PERSONA
Nombre de persona González del Tánago, Lourdes.
9 (RLIN) 58586
245 10 - MENCIÓN DEL TÍTULO
Título Igualdad de trato entre mujeres y hombres en la jurisprudencia europea /
Mención de responsabilidad, etc. [coordinación, Mª Luisa Alvarez Durante y Jaime Hevia Ruiz ; autores, Lourdes González del Tánago, José Luis Bautista Cordero, Carlos Senén].
260 ## - PUBLICACIÓN, DISTRIBUCIÓN, ETC.
Lugar de publicación, distribución, etc. Madrid :
Nombre del editor, distribuidor, etc. Dirección General de la Mujer, Dirección General de Cooperación con el Estado y Asuntos Europeos,
Fecha de publicación, distribución, etc. D.L. 1993.
300 ## - DESCRIPCIÓN FÍSICA
Extensión 719 p ;
Dimensiones 24 cm.
650 14 - PUNTO DE ACCESO ADICIONAL DE MATERIA--TÉRMINO DE MATERIA
Término de materia o nombre geográfico como elemento de entrada Mujeres-
Subdivisión general Derechos-
Subdivisión geográfica Países de la Unión Europea
9 (RLIN) 15267
700 1# - ENTRADA AGREGADA--NOMBRE PERSONAL
Nombre de persona Bautista Cordero, José Luis.
9 (RLIN) 26622
700 1# - ENTRADA AGREGADA--NOMBRE PERSONAL
Nombre de persona Senén, Carlos.
9 (RLIN) 105453
710 1# - ENTRADA AGREGADA--NOMBRE DE ENTIDAD CORPORATIVA
Nombre de entidad corporativa o nombre de jurisdicción como elemento de entrada Madrid (Comunidad Autónoma).
Unidad subordinada Dirección General de la Mujer.
9 (RLIN) 5615
710 1# - ENTRADA AGREGADA--NOMBRE DE ENTIDAD CORPORATIVA
Nombre de entidad corporativa o nombre de jurisdicción como elemento de entrada Madrid (Comunidad Autónoma).
Unidad subordinada Dirección General de Cooperación con el Estado y Asuntos Europeos.
9 (RLIN) 5610
852 ## - LOCALIZACIÓN
Ubicación ES-MaACL
Número de control de estantería L-18186
Sublocalización o colección R.123093
Holdings
Estatus retirado Estado de pérdida Estado de daño No para préstamo Biblioteca de origen Biblioteca actual Ubicación en estantería Fecha de adquisición Fuente de adquisición Total de préstamos Signatura topográfica completa Código de barras Visto por última vez Precio de reemplazo Tipo de ítem Koha
        Biblioteca del Ateneo de Madrid Biblioteca del Ateneo de Madrid Depósito 2 17/01/2008     L-18186 1011082 23/02/2023 23/02/2023 Libro impreso